LEADER 01086nam a2200253 i 4500 001 000000234303 003 CaOOAMICUS 005 20141013000000.0 008 141013s1901 it u000 u ita u 013 $a213206 040 $aSeMil$bita 100 1 $aGerson, Jean,$d<1363-1429>.$0(OLS)http://semarc/name/1140 245 10$aDella Imitazione di Cristo /$cLibri quattro di Giovanni Gersenio ; volgarizzamento di Cesare Guasti ; proemio e note di G. M. Zampini. 260 $aMilano :$bUlrico Hoepli,$c1901. 300 $aLVI, 396 p. ;$c16 cm. 490 0 $aManuali Hoepli 700 1 $aZampini, Giuseppe Maria <1856-1919>.$0(OLS)http://semarc/name/40202 700 1 $aGuasti, Cesare,$d<1822-1889>.$0(OLS)http://semarc/name/8474 830 0$aManuali Hoepli.$0(OLS)http://semarc/title/7639 850 $aSeMil 852 $aSeMil$W1$xVenegono$y1$m2ZB V 33 FA$j184649$B184649$CSeMilBibl$Z2$F195646 $8I 961 $aRecupero: Altro 996 $6245$aDella Imitazione di Cristo$9(OLS)http://semarc/title/71220 996 $6260$aMilano :$bUlrico Hoepli$9(OLS)http://semarc/publisher/29765 LEADER 01032nam a2200277 i 4500 001 000000114975 003 CaOOAMICUS 005 20200406094205.0 008 051024s1984 it u000 u ita u 013 $a87663 040 $aSeMil$bita 100 1 $aAristides, Aelius,$d.$0(OLS)http://semarc/name/9314 245 10$aDiscorsi sacri /$cElio Aristide ; a cura di Salvatore Nicosia. 260 $aMilano :$bAdelphi,$ccopyr. 1984. 300 $a273 p. ;$c18 cm. 490 0 $aPiccola Biblioteca Adelphi ;$v162 500 $aFondo Ciprandi. 700 1 $aNicosia, Salvatore.$0(OLS)http://semarc/name/48049 830 0$aPiccola biblioteca Adelphi ;$v162.$0(OLS)http://semarc/title/7074 850 $aSeMil 852 $aSeMil$W1$xVenegono$y1$m1X II 97$j237749$B70516$CSeMilBibl$Z2$F104841 $81 941 1 $a1 961 $aOmaggio: Ciprandi dott. Paolo 996 $6245$aDiscorsi sacri$9(OLS)http://semarc/title/43838 996 $6260$aMilano :$bAdelphi$9(OLS)http://semarc/publisher/30018